|
|
|
|
| LEADER |
01095nam a2200277 a 4500 |
| 001 |
2543863 |
| 008 |
110418r20101995enka b 001 0 eng |
| 035 |
|
|
|9 (DLC) 94044271
|
| 010 |
|
|
|a 94044271
|
| 020 |
|
|
|a 9780521613903
|
| 020 |
|
|
|a 0521474655 (hardback)
|
| 040 |
|
|
|a DLC
|c DLC
|d DLC
|d BD-DhAAL
|
| 050 |
0 |
0 |
|a QA274
|b .M68 1995
|
| 082 |
0 |
0 |
|a 004/.01/5192
|2 20
|
| 100 |
1 |
|
|a Motwani, Rajeev.
|
| 245 |
1 |
0 |
|a Randomized algorithms /
|c Rajeev Motwani, Prabhakar Raghavan.
|
| 260 |
|
|
|a Cambridge ;
|a New York :
|b Cambridge University Press,
|c 1995 [reprinted 2010].
|
| 300 |
|
|
|a xiv, 476 p. :
|b ill. ;
|c 26 cm.
|
| 504 |
|
|
|a Includes bibliographical references (p. 447-466) and index.
|
| 541 |
1 |
|
|e 00022382
|
| 650 |
|
0 |
|a Stochastic processes
|x Data processing.
|
| 650 |
|
0 |
|a Algorithms.
|
| 700 |
1 |
|
|a Raghavan, Prabhakar.
|
| 852 |
1 |
|
|a Ayesha Abed Library
|c General Shelf.
|
| 999 |
|
|
|c 10710
|d 10710
|
| 952 |
|
|
|0 0
|1 0
|2 ddc
|4 0
|6 004_015192000000000_MOT
|7 0
|9 16121
|a BRACUL
|b BRACUL
|c GEN
|d 2011-04-19
|e Development Book Agency
|g 4650.00
|l 2
|m 4
|o 004.015192 MOT
|p 3010022382
|r 2022-10-20
|s 2022-09-24
|t 1
|w 2011-04-19
|y BK
|